| 000 | 01147 a2200217 4500 | ||
|---|---|---|---|
| 005 | 20080902113516.0 | ||
| 008 | 080902t xxu||||| |||| 00| 0 hin d | ||
| 010 | _aHIN-82878 | ||
| 020 |
_a8189327585 _c300.00 |
||
| 035 | _aHN-55224 | ||
| 037 | _bपु.प्र.अ.प्र/प्रका | ||
| 082 | _a954.61 | ||
| 100 | _aपुष्पराज, नलिन विनोद | ||
| 245 |
_aनेपाल की राजनीतिक विरासत / _cनलिन विनोद पुष्पराज |
||
| 246 |
_aNepal ki Rajnitik Virasat _bbyNalin Binod Pushpraj |
||
| 260 |
_aपटना _bविशाल पब्लिकेशन _c2008 |
||
| 270 |
_aकैलाश मार्केट, दरियापुर _bपटना _e800004 |
||
| 300 |
_a223पृ _c22 सेमी (सजिल्द) |
||
| 942 |
_adpl _cHN _k954.61 / पुष्परा _2ddc _h954.61 _mपुष्परा |
||
| 999 |
_c11223 _d11223 |
||